| 000 | 01566nam a2200373 a 4500 | ||
|---|---|---|---|
| 001 | ebr10583837 | ||
| 003 | CaPaEBR | ||
| 006 | m u | ||
| 007 | cr cn||||||||| | ||
| 008 | 120806s2012 maua sb 001 0 eng d | ||
| 020 | _z9781608073764 | ||
| 020 | _z9781608073771 (e-book) | ||
| 040 |
_aCaPaEBR _cCaPaEBR |
||
| 035 | _a(OCoLC)808341384 | ||
| 050 | 1 | 4 |
_aQA76.592 _b.A58 2012eb |
| 245 | 0 | 0 |
_aAntennas and propagation for body-centric wireless communications _h[electronic resource] / _cPeter S. Hall, Yang Hao, editors. |
| 246 | 3 | _aAntennas and propagation for BWCS | |
| 250 | _a2nd ed. | ||
| 260 |
_aBoston : _bArtech House, _c2012. |
||
| 300 |
_axiv, 387 p. : _bill. |
||
| 490 | 1 | _aArtech House antennas and propagation series | |
| 504 | _aIncludes bibliographical references and index. | ||
| 533 |
_aElectronic reproduction. _bPalo Alto, Calif. : _cebrary, _d2011. _nAvailable via World Wide Web. _nAccess may be limited to ebrary affiliated libraries. |
||
| 650 | 0 |
_aWearable computers _xDesign and construction. |
|
| 650 | 0 |
_aWireless communication systems _xEquipment and supplies _xDesign and construction. |
|
| 650 | 0 |
_aAntennas (Electronics) _xDesign and construction. |
|
| 650 | 0 | _aHuman-computer interaction. | |
| 655 | 7 |
_aElectronic books. _2local |
|
| 700 | 1 | _aHall, Peter S. | |
| 700 | 1 | _aHao, Yang. | |
| 710 | 2 | _aebrary, Inc. | |
| 830 | 0 | _aArtech House antennas and propagation library. | |
| 856 | 4 | 0 |
_uhttp://site.ebrary.com/lib/rucke/Doc?id=10583837 _zAn electronic book accessible through the World Wide Web; click to view |
| 999 |
_c82790 _d82790 |
||